Представление документа в формате RUSMARC

ПолеНазваниеЗначение
  Тип записи a
  Библиографический уровень m
001 Контрольный номер LIBNET\0001525346
005 Дата корректировки 20260609154518.9
010 Индекс ISBN __
a ISBN 978-5-389-25928-7
b Уточнения в пер.
9 Тираж 2000 экз.
100 Данные общей обработки __
a Данные общей обработки 20260518d2025 u u0rusy50 0189ca
101 Язык документа 1_
a Язык текста rus
c Язык оригинала ita
102 Страна публикации __
a Страна публикации RU
105 Кодированные данные (монография) __
a Кодированные данные (монография) y z 001yy
200 Заглавие и сведения об ответственности 1_
a Заглавие Причудливые зелья
e Сведения, относящиеся к заглавию искусство европейских наслаждений в 18 веке
f Первые сведения об ответственности Пьеро Кампорези
g Последующие сведения об ответственности перевод с итальянского Д. Б. Карсановой
203 Вид содержания и тип средства __
a Вид содержания Текст
c Тип средства непосредственный
b Характеристика содержания визуальный
210 Выходные данные 1_
a Место издания Москва
c Издательство Азбука-Аттикус
c Издательство КоЛибри
d Дата издания 2025
215 Физическое описание __
a Объем 302, [1] с.
d Формат 19 см
225 Серия 1_
a Серия Библиотека повседневности
320 Библиография __
a Библиография Библиогр. в примеч. в конце кн.
606 Тематические рубрики 0_
a Основная рубрика Кулинария
x Основная подрубрика История
y Географическая подрубрика Европейские страны
606 Тематические рубрики 0_
a Основная рубрика Быт и нравы
y Географическая подрубрика Европейские страны
z Хронологическая подрубрика 18 в.
610 Ключевые слова 0_
a Ключевые слова кулинария Европейских стран; история кулинарии Европейских стран; быт и нравы Европейских стран; гастрономические привычки в Европейских странах
686 Индексы других классификаций __
a Классификационный индекс 63.3(4)512-75
2 Код системы rubbk
686 Индексы других классификаций __
a Классификационный индекс 36.99г
2 Код системы rubbk
700 Автор _1
a Фамилия Кампорези
b Имя (инициалы) П.
g Полное личное имя Пьеро
702 Вторичная интеллектуальная ответственность _1
a Фамилия Карсанова
b Имя (инициалы) Д. Б.
4 Код отношения 730
801 Источник записи _0
a Страна RU
b Организация Новосибирская ГОНБ
c Дата составления 20260113
g Правила каталогизации rcr
801 Источник записи _1
a Страна RU
b Организация Новосибирская ГОНБ
c Дата составления 20260113
2 Код формата rusmarc
801 Источник записи _2
a Страна RU
b Организация Ульяновская ОНБ
c Дата составления 20260518
g Правила каталогизации RCR
900 Электронные ресурсы __
a Имя электронного ресурса азбука20250121
900 Электронные ресурсы __
a Имя электронного ресурса азбука20250122
901 Тип документа __
t Тип документа m
909 Создатель записи __
a Создатель записи Егорова Э. А.
b Дата создания записи 20260518
910 Корректоры записи __
a Корректор записи Седова
b Дата внесения изменения в запись 20260609